| 000 | 01645cam a2200265 4500500 | ||
|---|---|---|---|
| 005 | 20260201130350.0 | ||
| 041 | _afre | ||
| 042 | _adc | ||
| 100 | 1 | 0 |
_aDosse, Florence _eauthor |
| 245 | 0 | 0 | _aUn sourd héritage |
| 260 | _c2014. | ||
| 500 | _a70 | ||
| 520 | _aTout au long de la guerre d’Algérie, la grande majorité des hommes nés entre 1932 et 1943, soit plus d’un million de personnes, est venue grossir les rangs des appelés. A l'époque, un quart des familles a été impliquée par le départ d'un fils, d'un neveu, d'un petit-fils sous les drapeaux. En dépit de leur nombre, à leur retour, ces hommes ont très peu raconté ce qu’ils avaient vécu. Leurs enfants, « aidés » en cela par leurs mères, ont reçu en héritage leur silence. | ||
| 520 | _aThroughout the war in Algeria, the vast majority of men born between 1932 and 1943, more than a million people, came to swell the ranks of conscript soldiers. At the time, a quarter of families was implicated by the departure of a son, nephew, grandchild, son in uniform. Despite their number, on their return, these men told very little of what they had experienced. Their children, « assisted » in this situation by their mothers, have inherited their silence. | ||
| 690 | _aappelé | ||
| 690 | _ahéritage | ||
| 690 | _asilence | ||
| 690 | _atransmission | ||
| 690 | _aconscripted soldier | ||
| 690 | _alegacy | ||
| 690 | _asilence | ||
| 690 | _atransmission | ||
| 786 | 0 | _nLe Sociographe | 46 | 2 | 2014-06-01 | p. 47-56 | 1297-6628 | |
| 856 | 4 | 1 | _uhttps://shs.cairn.info/revue-le-sociographe-2014-2-page-47?lang=fr&redirect-ssocas=7080 |
| 999 |
_c1642308 _d1642308 |
||